000
00296nam a2200121Ia 4500
008
191201s2011 xx 000 0 und d
100
_a
KAMBOJ, Vineet
245
0
_a
Engineering Mathematics
260
_a
Ambala cantt
_b
professional pub
_c
2011
300
_a
512
650
_a
Applied
942
_2
ddc
_c
BK
999
_c
504
_d
504